04566nam a22005535i 4500999001700000001001800017003000900035005001700044006001900061007001500080008004100095020001800136024003500154040001100189050001300200072001700213072002300230072001600253082001500269245011200284250001800396264007500414300006500489336002600554337002600580338003600606347002400642505147700666520126302143650001803406650002903424650002003453650002403473650002403497650002003521650002903541650002003570650002403590650001603614700007703630700007803707710003403785773002603819776003603845776003603881776003603917856004603953942001303999 c27405d27405978-3-030-96519-8DE-He21320240716161437.0a|||||o|||| 00| 0 cr nn 008mamaa221013s2022 sz | s |||| 0|eng d a97830309651987 a10.1007/978-3-030-96519-82doi cimu-kc 4aGC1-1581 7aRBKC2bicssc 7aSCI0520002bisacsh 7aRBKC2thema04a551.4622314aThe Blue Economyh[electronic resource] :bAn Asian Perspective /cedited by Somnath Hazra, Anindya Bhukta. a1st ed. 2022. 1aCham :bSpringer International Publishing :bImprint: Springer,c2022. aXVI, 338 p. 35 illus., 29 illus. in color.bonline resource. atextbtxt2rdacontent acomputerbc2rdamedia aonline resourcebcr2rdacarrier atext filebPDF2rda0 aChapter 1: Blue Economy: An overview -- Chapter 2: Advancement of Science and Technology: Future prospect of Blue Economy -- Chapter 3: Marine Ecosystem Services: Viewing from a Sustainable Management Approach -- Chapter 4: Commerce and trade of marine-based industries in a blue economy -- Chapter 5: Role and Prospect of Marine biotechnology in a blue economy -- Chapter 6: Powering the Blue Economy: An Assessment of Marine Renewable Energies -- Chapter 7: Operationalizing of Ocean wealth : Contribution of Fisheries, Edible and Non-edible seafood and aquaculture -- Chapter 8: Desalinisation of ocean water: How far does it contribute to the blue economy -- Chapter 9: Ocean as a repository for waste: An Assessment -- Chapter 10: Role of Blue Carbon in the protection and restoration of marine ecosystems -- Chapter 11: Conservation and Protection of Marine Biodiversity: Assessing the role of blue economy -- Chapter 12: Multifacet role of mangroves in the blue economy and its assessment -- Chapter 13:Tourism and recreation: Valuing its role in the blue economy -- Chapter 14: Monitoring the Health of Blue Ecosystems -- Chapter 15: Climate Change and induced impact on Blue Economy -- Chapter 16: Coastal Urbanisation: Challenges towards a sustainable blue economy -- Chapter 17: Present Status of ocean and International maritime regulations -- Chapter 18: Issues in designing future marine policy in regard to oceans governance and integrated Ocean management. aThis volume defines and analyzes the Blue Economy, a system that encompasses all the economic activities which are happening in and around the ocean within a sustainable development framework, with focus on countries in Asia. This work is timely, as Blue Economy activities account for a significant share of GDPs in the island and coastal economies in the Asia region, sustaining the livelihoods of one of the largest sections of the world's population. This book, therefore, assesses how the Blue Economy contributes to these livelihoods from economic and ecological perspectives and analyzes the various types of ecosystem services provided, and how these services are regulated and maintained. While most studies of the Blue Economy focus only on the economic aspects, this book provides ample statistical data to demonstrate why ecosystem services should additionally be considered for the estimation and valuation of the Blue economy. The book is primarily meant for researchers, students, and teachers in the fields of environmental and ocean economics, sustainable development, and ecosystem services, and will be of further interest to policymakers and government officials working in matters related to the Blue Economy and sustainability policy. . 0aOceanography. 0aEnvironmental economics. 0aSustainability. 0aEconomic geography. 0aBiotic communities.14aOcean Sciences.24aEnvironmental Economics.24aSustainability.24aEconomic Geography.24aEcosystems.1 aHazra, Somnath.eeditor.4edt4http://id.loc.gov/vocabulary/relators/edt1 aBhukta, Anindya.eeditor.4edt4http://id.loc.gov/vocabulary/relators/edt2 aSpringerLink (Online service)0 tSpringer Nature eBook08iPrinted edition:z978303096518108iPrinted edition:z978303096520408iPrinted edition:z978303096521140uhttps://doi.org/10.1007/978-3-030-96519-8 2ddccEBK